Statistics for Preamble of the United States Constitution

Click here to take the quiz!

General Stats

  • This quiz has been taken 38 times
  • The average score is 44 of 52

Answer Stats

Answer% Correct
We
100%
a
100%
people
100%
of
100%
the
100%
United
97%
States,
97%
States
97%
America.
94%
to
94%
in
94%
more
91%
perfect
91%
union,
91%
for
91%
order
88%
liberty
79%
do
79%
establish
79%
and
79%
tranquility,
79%
form
76%
this
76%
justice,
76%
Constitution
76%
our
74%
general
74%
welfare,
74%
domestic
74%
provide
74%
promote
71%
defense,
71%
ordain
71%
common
71%
insure
71%
posterity,
68%
blessings
65%
secure
62%
ourselves
62%

Score Distribution

Percentile by Number Answered

Percent of People with Each Score

Your Score History

You have not taken this quiz